6 Most Famous Cities in Republic of Congo on a Map - Statistics

General Stats
  • This quiz has been taken 91 times
  • The average score is 3 of 6
Answers on the Map
Answers color-coded by a green-red scale on the quiz's map according to % correct below.
 
Answer Stats
Wiki Monthly Views Cityquiz Mention Rate Population Answers % Correct
41.64K 40.38% 2138.24K Brazzaville
100%
10.94K 7.05% 1398.81K Pointe-Noire
95%
1.26K 0.20% 178.17K Dolisie
27%
0.80K 0.32% 75.09K Ouésso
27%
0.60K 0.24% 48.64K Owando
18%
0.55K 0.30% 38.24K Impfondo
16%
No matching quizzes found
Score Distribution
Percent of People with Each Score
Percentile by Number Answered
Your Score History
You have not taken this quiz